|
|
|
|
| LEADER |
00703cam a2200205 7i4500 |
| 001 |
0000019757 |
| 005 |
20121023090000.0 |
| 090 |
0 |
0 |
|a PHOT 338
|b MAL
|
| 110 |
2 |
0 |
|a Malaysia External Trade Development Corporation (MATRADE)
|
| 245 |
2 |
0 |
|a MATRADE marketing officers' conference 1995.
|
| 300 |
# |
# |
|a 1 photographs:
|b col..
|
| 500 |
0 |
0 |
|a Photographs
|
| 650 |
0 |
0 |
|a Rafidah Aziz, Dato' Seri
|
| 650 |
0 |
0 |
|a Abdul Rahman Harun
|
| 650 |
0 |
0 |
|a Suhaimi
|
| 650 |
0 |
0 |
|a Ahmad Tunku Yahya, Tunku Tan Sri Dato' Seri
|
| 650 |
0 |
0 |
|a Samsudin Marsop, Haji
|
| 650 |
0 |
0 |
|a Mohammed Ab Halim Ab Rahman
|
| 650 |
0 |
0 |
|a MATRADE --
|x Photograph collection --
|y 1995
|
| 999 |
|
|
|a PC00000300
|b Photographs
|c Photographs
|e Business Information Centre
|